| 000 | 00342nam a2200133Ia 4500 | ||
|---|---|---|---|
| 008 | 150201s2009 xx 000 0 und d | ||
| 082 |
_a538.3 _bSAD |
||
| 100 | _aSadiku,Matthew N.O | ||
| 245 | _aPrinciples of electromagnetics | ||
| 250 | _a4th . Ed. | ||
| 260 |
_bOxford University Press _aN.Delhi _c2009 |
||
| 300 | _a734p. | ||
| 942 |
_2ddc _cBK |
||
| 999 |
_c5392 _d5392 |
||